Sports Quiz

Random Sports Quiz

Who Are They Lookin' At? (Sports) Quiz Stats

 Plays Quiz Updated Nov 19, 2018

Score 0/20 Timer 05:00
5 Plays Today
# Lookee % Correct
11Michael Jordan
90.9%
3Shaquille O'Neal
89.6%
7Jerry Rice
75.3%
16Venus Williams
75%
12Michael Phelps
64.1%
10Eli Manning
61.3%
4Mike Tyson
61%
2Magic Johnson
55.6%
17Mark McGwire
54.6%
5Mark Messier
52.5%
# Lookee % Correct
9Bobby Orr
45.4%
18Mean Joe Greene
43.3%
19Dwight Clark
43.1%
8Arnold Palmer
42.1%
14Lou Gehrig
41.4%
15Robin Ventura
35.5%
13Yogi Berra
21.8%
6Mary Lou Retton
14.1%
20Marco Materazzi
13.2%
1Citation
2.8%

You're not logged in!

Compare scores with friends on all Sporcle quizzes.
OR
Log In

You Might Also Like...

Show Comments

Extras

Top Quizzes Today


Score Distribution

Your Account Isn't Verified!

In order to create a playlist on Sporcle, you need to verify the email address you used during registration. Go to your Sporcle Settings to finish the process.

Report this User

Report this user for behavior that violates our Community Guidelines.

Details: